000 00487nam a22001817a 4500
003 CEME
005 20210628202541.0
008 210122b xxu||||| |||| 00| 0 eng d
020 _a81-7008-305-2
040 _c.
082 _a620.103 BAN
100 _aBansal, R .K. Dr Bansal, Sanjay
_960438
245 _aA textbook of engineering mechanics
260 _aNEW DELHI
_bLAXMI PUBLICATION
_c2004
300 _aXVIII,670 P
650 _aENGINEERING MECHANICS
_959741
942 _cBK
_2ddc
999 _c570154
_d570154